=LDR 00000nam 2200000 4500 =001 INLIS000000000031864 =005 20130612133916 =008 ***********************************ind** =035 ##$$0010-061300000031864 =041 ##$$a ind =082 ##$$a 391.059 82 =090 ##$$a 391.059 82, Pur b =100 ##$$a PURWADI =245 ##$$a Busana Jawa, pURWADI =260 ##$$a 2008 $b Yogyakarta =300 ##$$a xii, 328 hlm, ilus, 14,5 cm =650 ##$$a PAKAIAN JAWA =850 ##$$a NBPNMAT =990 ##$$a 04710471 =990 ##$$a 2100322